000 00621nam a2200193Ia 4500
003 GCL
008 140319s9999 xx 000 0 ara d
040 _aGCL /
_cGCL
082 0 4 _aق
_b896.931
_bا س
100 1 _aالتارى , ميكاو
245 1 0 _aسنوحى المصرى /
_cالتارى , ميكاو
260 _aالقاهرة :
_bدار لاباترى
300 _a226 ص ؛
_c24 سم
490 _aالهيئة العامة للاستعلامات
_v0
650 0 4 _aالقصص العربية
650 0 4 _aالقصة التاريخية
650 0 4 _aالادب العربى - مصر
942 _2ddc
_cBK
999 _c50658
_d50658